Minority Report : sentencia previa = Minority Report /

Guardado en:
書目詳細資料
主要作者: Spielberg, Steven (realización)
其他作者: Frank, Scott (guión) (guión), Cohen, Jon (guión) (guión), Kaminski, Janusz (fotógrafo) (fotógrafo), Kahn, Michael (montaje) (montaje), Williams, John (música) (música), Cruise, Tom (actuación) (actuación), Farrell, Colin (actuación) (actuación), Morton, Samantha (actuación) (actuación)
格式: 幻燈片
語言:英语
出版: Los Angeles, EUA : Twentieth Century Fox : DreamWorks, 2002, c2002
主題:
標簽: 添加標簽
沒有標簽, 成為第一個標記此記錄!

MARC

LEADER 00000ngm^a2200000^a^4500
001 000184555
005 20250521000000.0
009 20260310102119.591
037 |a Acervo ITESO - Biblioteca 
041 |a ING 
082 |a 810.  |b SPI 
100 |a Spielberg, Steven  |e (realización) 
240 1 1 |a [Minority Report: sentencia previa] 
245 1 0 |a Minority Report :  |b sentencia previa = Minority Report /  |c Realización de S. Spielberg. 
264 4 |a Los Angeles, EUA :  |b Twentieth Century Fox :  |b DreamWorks,  |c 2002, c2002 
264 2 |a México :  |b Twentieth Century Fox [distribución],  |c 2005, c2005 
300 |a 1 DVD regiones 1 y 4  |c (145 min.) 
336 |a imagen móvil bidimensional  |b tdi  |2 rdacontenido 
337 |a video  |b v  |2 rdamedio 
338 |a videodisco  |b vd  |2 rdasoporte 
500 |a Basado en: El informe de la minoría, de Philip K. Dick 
546 |a En inglés y sueco, con subtítulos opcionales: español, inglés, portugués 
546 |a Doblaje opcional: español, portugués 
586 |a Premio de la Academia Europea de Cine (15°: 2002): Mejor Película No Europea – Premio Pantalla Internacional (finalista) 
586 |a Premio César, de la Academia Francesa de Cine (28°: 2003): Mejor Película Extranjera (finalista) 
649 |a XX 
650 |a Fugitivos en el Cine 
650 |a Películas de Ciencia-Ficción 
650 |a Películas Policíacas 
650 |a Cine Norteamericano -  |y 2000-2009 
650 |a Cine Norteamericano -  |y Siglo XXI 
650 |a Cuentos Norteamericanos -  |x Adaptaciones para Cine 
650 |a Literatura Norteamericana -  |y Siglo XX -  |x Adaptaciones para Cine 
650 |a Literatura y Cine 
650 |a Asesinato -  |x Prevención 
650 |a Clarividencia 
650 |a Adivinación 
650 |a Adivinación 
650 |a Fenómenos Paramentales 
650 |a Futuro 
650 |a Tecnología y Sociedad 
700 |a Frank, Scott  |e (guión) 
700 |a Cohen, Jon  |e (guión) 
700 |a Kaminski, Janusz  |e (fotógrafo) 
700 |a Kahn, Michael  |e (montaje) 
700 |a Williams, John  |e (música) 
700 |a Cruise, Tom  |e (actuación) 
700 |a Farrell, Colin  |e (actuación) 
700 |a Morton, Samantha  |e (actuación) 
910 |a Fondo General 
920 |a Audiovisuales - DVDs 
940 |a Películas 
905 |a 302 
901 |a 0500105010  |b IT2  |c DVS  |u 20250521 
902 |a https://opac.biblio.iteso.mx/vufind/Record/000184555